| 000 | 01162cam a2200313 a 4500 | ||
|---|---|---|---|
| 001 | 10411 | ||
| 003 | BD-RjUL | ||
| 005 | 20211208234940.0 | ||
| 008 | 140123s1986 nyua 000 0 eng | ||
| 020 | _a047184909X | ||
| 035 | _a(BD-RjUL)10459 | ||
| 040 |
_aDLC _cDLC _dDLC _dBD-RjUL _beng |
||
| 041 | _aeng | ||
| 082 | 0 | 0 |
_a541.38840212 _219 _bBRT |
| 100 | 1 |
_aBrowne, Edgardo. _932174 |
|
| 245 | 1 | 0 |
_aTable of radioactive isotopes / _cEdgardo Browne and Richard B. Firestone ; Virginia S. Shirley, editor. |
| 260 |
_aNew York : _bWiley, _cc1986. |
||
| 300 |
_a1 v. (various pagings) : _bill. ; _c29 cm. |
||
| 500 | _a"A Wiley-Interscience publication." | ||
| 650 | 0 |
_aRadioisotopes _xTables. _932175 |
|
| 700 | 1 |
_aFirestone, Richard B. _932176 |
|
| 700 | 1 |
_aShirley, Virginia S. _932177 |
|
| 856 | 4 | 2 |
_3Contributor biographical information _uhttp://www.loc.gov/catdir/bios/wiley042/86009069.html |
| 856 | 4 | 2 |
_3Publisher description _uhttp://www.loc.gov/catdir/description/wiley034/86009069.html |
| 856 | 4 |
_3Table of Contents _uhttp://www.loc.gov/catdir/toc/onix05/86009069.html |
|
| 942 |
_2ddc _cBK |
||
| 999 |
_c10411 _d10411 |
||